00781nam a2200241 a 4500001001300000003000900013005001700022008004100039020001000080082001300090100002400103245007800127260003300205300001000238500003500248505006800283650002100351700002400372902000800396942000700404952011300411999001500524nice12345678IN_TiNIC20260116011713.0050524s0000 dela grp 000 0 eng  ac10000a297bTHA aThanawi, Ashraf Ali aJuma Ke Khutbeb Collection of Sacred Congregational Sermons Delivered on aDelhibDini Book Depotc0000 a112p. aincludes index and biblioraphy2 aon eve of fridays and eidain including sermons of holy prophet. aIslam-Miscellany1 aThanawi, Ashraf Ali bSRS cBK 001040708StackRoom-aHMIbHMId2007-07-30g100.00l0o297 THAp09261r2007-07-30v100.00w2005-05-24yBK c3471d3471